| 000 | 00474nam a2200181Ia 4500 | ||
|---|---|---|---|
| 005 | 20250603145611.0 | ||
| 008 | 250603s9999 xx 000 0 und d | ||
| 020 | _a978-0-07-061729-2 | ||
| 050 | _aHD 47.4 .C43/ | ||
| 100 | _aChandra, Prasanna | ||
| 245 | 0 | _aProjects : planning, analysis, selection, financing, implementation and review | |
| 250 | _a6th ed. | ||
| 260 | _aNew Delhi | ||
| 260 | _bMcGraw-Hill | ||
| 260 | _c2006 | ||
| 650 | _aNew Delhi | ||
| 942 | _cBK | ||
| 999 |
_c42315 _d42315 |
||